000
00278 a2200109 4500
001
39034
082
_a
519.402855369 HAN
090
_c
24636
_d
24636
100
_a
Hanselman Duane; Bruce Littlefield
245
_a
Mastering MATLAB
260
_a
U S A
_b
Prentice Hall
_c
1996
942
_a
NUST-CAE
_k
519.402855369 HAN
999
_c
274107
_d
274107